Embracing the Other (Record no. 351530)
[ view plain ]
| 000 -LEADER | |
|---|---|
| fixed length control field | 00615nam a2200109Ia 4500 |
| 008 - FIXED-LENGTH DATA ELEMENTS--GENERAL INFORMATION | |
| fixed length control field | 171212s9999 xx 000 0 und d |
| 245 ## - TITLE STATEMENT | |
| Statement of responsibility, etc | editor Oliner, Pearl;Oliner, Samuel P.;Baron, Lawrence;Blum, Lawrence |
| Title | Embracing the Other |
| Remainder of title | Philosophical, Psychological, and Historical Perspectives on Altruism |
| 260 ## - PUBLICATION, DISTRIBUTION, ETC. (IMPRINT) | |
| Name of publisher, distributor, etc | New York University Press |
| Date of publication, distribution, etc | 1992 |
| 650 ## - SUBJECT ADDED ENTRY--TOPICAL TERM | |
| Topical term or geographic name as entry element | Righteous Gentiles in the Holocaust -- Psychology -- Congresses; World War, 1939-1945 -- Jews -- Rescue -- Congresses; Altruism -- Congresses; Motivation (Psychology) -- Congresses |
| 650 ## - SUBJECT ADDED ENTRY--TOPICAL TERM | |
| Topical term or geographic name as entry element | Sociology |
| 856 ## - ELECTRONIC LOCATION AND ACCESS | |
| Uniform Resource Identifier | <a href="http://www.jstor.org/stable/j.ctt9qg24m">http://www.jstor.org/stable/j.ctt9qg24m</a> |
| Withdrawn status | Lost status | Damaged status | Home library | Current library | Date acquired | Total Checkouts | Full call number | Date last seen | Price effective from | Koha item type |
|---|---|---|---|---|---|---|---|---|---|---|
| College Library | College Library | 12/12/2017 | DB 10.J4 .E477 1992 | 12/12/2017 | 12/12/2017 | Curriculum - Based eBooks |